000
00216 a2200097 4500
001
879
100
_a
Thomson,J
245
_a
Dervises text book of radio vol-3 electronics
260
_a
_b
H M S
_c
090
_c
470
_d
470
942
_a
NUST-CAE
_c
M
_c
31045
999
_c
235952
_d
235952